|
|
|
|
| LEADER |
01030cam a22002417i 4500 |
| 003 |
GR-PaULI |
| 005 |
20210117210144.0 |
| 008 |
050110s2004 enk f b 001 0 eng d |
| 020 |
|
|
|a 0199263205
|q (hard : alk. paper)
|
| 020 |
|
|
|a 0199276285
|q (pbk. : alk. paper)
|
| 040 |
|
|
|a GR-PaULI
|b gre
|c GR-PaULI
|e AACR2
|
| 041 |
0 |
|
|a eng
|
| 082 |
0 |
4 |
|a 126
|2 23
|
| 100 |
1 |
|
|a Bar-on, Dorit,
|d 1955-
|9 155442
|e συγγραφέας
|
| 245 |
1 |
0 |
|a Speaking my mind :
|b expression and self-knowledge /
|c Dorit Bar-On.
|
| 260 |
|
|
|a Oxford :
|b Clarendon Press ;
|a New York :
|b Oxford University Press,
|c 2004.
|
| 300 |
|
|
|a xiii, 449 σ. ;
|c 24 εκ.
|
| 504 |
|
|
|a Περιλαμβάνει βιβλιογραφία και ευρετήριο.
|
| 650 |
|
|
|a Εαυτός (Φιλοσοφία)
|9 59986
|
| 942 |
|
|
|2 ddc
|c BK15
|
| 952 |
|
|
|0 0
|1 0
|2 ddc
|4 0
|6 126_000000000000000_BAR
|7 0
|9 203528
|a PHIL
|b PHIL
|d 2016-05-17
|i 11289
|l 0
|o 126 BAR
|p 025000170294
|r 2016-05-17 00:00:00
|t 1
|v 2016.00
|w 2016-05-17
|y BK15
|
| 998 |
|
|
|b ΚΑΝΕΛΛΟΠΟΥΛΟΥ
|d 2016-05
|
| 999 |
|
|
|c 124211
|d 124211
|